000
00303nam a22001337a 4500
008
170605b xxu||||| |||| 00| 0 eng d
020
_a
9780691008998
041
_a
eng
080
_a
94
100
_a
18
101
_a
SHH
245
_a
RACISM A SHORT HISTORY
_c
FREDRICKSON.G.M
942
_2
udc
_c
BK
999
_c
15862
_d
15862